000 00835nam0a22002651 4500
001 RU\NLR\A1SV\82707
005 20251203171251.9
035 _a(NLR Aleph) 009764132
090 _a10030449
_c10030449
100 _a20071008d1919 u y0rusy50 ca
101 0 _arus
102 _aRU
200 1 _aСмерть казака
_fСтихотворение В.Львова
_g(Написано в 1880 г.)
_gВойсковой осведомительный отд. Сиб. коз [!] войска
210 _aОмск
_cТип. Центросибири
_d[1919]
215 _a4 с.
_d18 см
300 _aБез тит. л. и обл.
620 _dОмск
700 1 _aЛьвов
_bВ.
801 0 _aRU
_bNLR
_c20071008
852 _aNLR
_j37.56.6.379
899 _aРКП
942 _cBOOK
980 _aNB
980 _aA1SV